[Event "Caorle op-B"]
[Site "Caorle"]
[Date "1991.07.12"]
[Round "7.32"]
[White "Dirks, Hans"]
[Black "Menozzi, Claudio"]
[Result "1/2-1/2"]
[WhiteElo "2000"]
[BlackElo "1800"]
[PlyCount "25"]
[EventDate "1991.07.05"]
[EventType "swiss"]
[EventRounds "8"]
[EventCountry "ITA"]
[SourceTitle "EXT 2023"]
[Source "ChessBase"]
[SourceDate "2022.10.05"]
[SourceVersion "1"]
[SourceVersionDate "2022.10.05"]
[SourceQuality "1"]

1. e4 Nf6 2. e5 Nd5 3. d4 d6 4. Nf3 dxe5 5. Nxe5 g6 6. Bc4 Be6 7. 0-0 Bg7 8. Bb3 0-0 9. Re1 Nd7 10. Qf3 Nxe5 11. dxe5 c6 12. Nc3 Nc7 13. Bxe6 1/2-1/2